Making management decisions /

Enregistré dans:
Détails bibliographiques
Auteurs principaux: Cooke, Steve (Auteur), Slack, Nigel (Auteur)
Format: Livre
Langue:anglais
Publié: New York : Prentice Hall, 1991
Édition:1.vyd.
Sujets:
Tags: Ajouter un tag
Pas de tags, Soyez le premier à ajouter un tag!

MARC

LEADER 00000nam a22000003a 4500
001 stu7928
005 20150617225807.4
008 950601s1991----xxu-----------------eng-d
020 |a 0-13-543406-8 
040 |a STU  |b slo 
041 0 |a eng 
044 |a xxu 
080 |a 65.012.2 
080 |a 519.816 
084 |a C0300  |2 INS 
100 1 |a Cooke, Steve  |4 aut 
245 1 |a Making management decisions /  |c [aut.] Cooke,Steve; Slack,Nigel 
250 |a 1.vyd. 
260 |a New York :  |b Prentice Hall,  |c 1991 
300 |a 330 s 
650 7 |a riadenie podniku  |2 stusub 
650 7 |a prijímanie rozhodnutí  |2 stusub 
650 7 |a teória rozhodovania  |2 stusub 
650 7 |a modelovanie  |2 stusub 
700 1 |a Slack, Nigel  |4 aut 
996 |b E79932  |c R*79932  |l RRUM  |s A  |a 24  |w stu7928_0001